John Flack (Record no. 9404)
[ view plain ]
| 000 -CABECERA | |
|---|---|
| campo de control de longitud fija | 00730nam a2200241 a 4500 |
| 001 - NÚMERO DE CONTROL | |
| campo de control | BRL_592 |
| 005 - FECHA Y HORA DE LA ÚLTIMA TRANSACCIÓN | |
| campo de control | 20190320210820.0 |
| 008 - DATOS DE LONGITUD FIJA--INFORMACIÓN GENERAL | |
| campo de control de longitud fija | 060913s1954----gw-#######---#000-0#ger-# |
| 041 ## - CÓDIGO DE LENGUA | |
| Código de lengua del texto/banda sonora o título independiente | ger |
| 044 ## - CÓDIGO DEL PAÍS DE LA ENTIDAD EDITORA/PRODUCTORA | |
| Código MARC del país | gw |
| 050 #4 - SIGNATURA TOPOGRÁFICA DE LA BIBLIOTECA DEL CONGRESO | |
| Número de clasificación | PZ1 |
| Número de documento/Ítem | .W35 1954 |
| 100 1# - ENTRADA PRINCIPAL--NOMBRE DE PERSONA | |
| Nombre de persona | Wallace, Edgar |
| 9 (RLIN) | 24377 |
| 245 10 - MENCIÓN DE TÍTULO | |
| Título | John Flack |
| Resto del título | kriminal-roman |
| Mención de responsabilidad, etc. | Edgar Wallace. |
| 260 ## - PUBLICACIÓN, DISTRIBUCIÓN, ETC. | |
| Lugar de publicación, distribución, etc. | Alemania |
| Nombre del editor, distribuidor, etc. | Wilhelm Goldmann Verlag |
| Fecha de publicación, distribución, etc. | 1954 |
| 300 ## - DESCRIPCIÓN FÍSICA | |
| Extensión | 186 p. |
| Dimensiones | 18 cm. |
| 440 #0 - MENCIÓN DE SERIE/PUNTO DE ACCESO ADICIONAL--TÍTULO | |
| Título | Goldmanns Taschen-Krimi |
| Designación de volumen o secuencia | no. 51 |
| 9 (RLIN) | 24378 |
| 500 ## - NOTA GENERAL | |
| Nota general | Au686 |
| 500 ## - NOTA GENERAL | |
| Nota general | Ejemplar con portada ligeramente desprendida parte superior izquierdo. Lomo desprendido parte inferior. |
| 650 14 - PUNTO DE ACCESO ADICIONAL DE MATERIA--TÉRMINO DE MATERIA | |
| Término de materia o nombre geográfico como elemento de entrada | Novela policiaca |
| 9 (RLIN) | 23905 |
| 650 14 - PUNTO DE ACCESO ADICIONAL DE MATERIA--TÉRMINO DE MATERIA | |
| Término de materia o nombre geográfico como elemento de entrada | Novela romántica |
| 9 (RLIN) | 24379 |
| 902 ## - CATALOGADOR | |
| Iniciales | GRL |
| 942 ## - ELEMENTOS DE PUNTO DE ACCESO ADICIONAL (KOHA) | |
| Fuente del sistema de clasificación o colocación | Library of Congress Classification |
| Tipo de ítem Koha | Libros |
| Estado de retiro | Estado de pérdida | Estado dañado | No para préstamo | Localización permanente | Ubicación/localización actual | Fecha de adquisición | Número de inventario | Total de préstamos | Signatura topográfica completa | Código de barras | Fecha visto por última vez | Precio válido a partir de | Tipo de ítem Koha |
|---|---|---|---|---|---|---|---|---|---|---|---|---|---|
| El ejemplar forma parte de la colección y puede ser consultado según las políticas vigentes. | Biblioteca Centro de Estudios Ruth D. Lechuga | Biblioteca Centro de Estudios Ruth D. Lechuga | 06/09/2013 | Au686 | PZ1 .W35 1954 (Au686) | GRL00649 | 22/03/2019 | 22/03/2019 | Libros |